| 000 | 00772nab a2200217u 4500 | ||
|---|---|---|---|
| 001 | 21510 | ||
| 003 | HDC | ||
| 007 | c| |||a|c|aaaa | ||
| 008 | 210306b20100507my ||||o |||| 00| 0 eng d | ||
| 040 | _aHDC | ||
| 245 | 0 | _aCrescentrating 'Halal Friendly' Travel debut at Arabian Travel Market 2010 | |
| 336 |
_atext _2rdacontent |
||
| 337 |
_acomputer _2rdamedia |
||
| 338 |
_aonline resource _2rdacarrier |
||
| 650 |
_aHalal-friendly travel and tourism services _919010 |
||
| 650 |
_aShari'ah-compliant products and services _919011 |
||
| 856 | _zRequest full-text at [email protected] | ||
| 942 | _2lcc | ||
| 942 | _cNEWS | ||
| 942 | _kNWS0 004959 | ||
| 999 |
_c18826 _d18826 |
||